000 00908cam a2200265 a 4500
001 000019580
005 20200929170051.0
008 721127s1967 sp 001 e spa d
040 _aDO-SdBNP
_bspa
_cDLC
_dBNPHU
082 _a864.6
_bÓ77espa, 1967
100 1 _aOrtega y Gasset, José,
_d1883-1955.
_95769
245 1 0 _aEspaña invertebrada :
_bbosquejo de algunos pensamientos históricos /
_cJosé Ortega y Gasset.
250 _a2a ed.
260 _aMadrid :
_bEspasa-Calpe,
_c1967.
300 _a159, [16] p. ;
_c19 cm.
490 1 _aAustral. Verde: ensayos y filosofía
_v1345
650 4 _aEnsayos españoles
_93095
650 4 _aLiteratura española
_9632
651 4 _aEspaña
_xPolítica Y Gobierno
_93501
651 4 _aEspaña
_xCivilización
_914116
830 0 _aAustral.
_pVerde: ensayos y filosofía;
_v1345
_98733
910 _aCatalogación derivada / LC
910 _aWM
049 _aBNGR
999 _c19096
_d19096